[Event "Budapest Spring Open 2017"]
[Site "masterchessopen.com Budapest HUN"]
[Date "2017.03.24"]
[Round "7.5"]
[White "Stupak,K"]
[Black "Antipov,M2"]
[Result "1-0"]
[WhiteElo "2561"]
[BlackElo "2581"]
[EventType "swiss"]

1.d4 Nf6 2.Nf3 e6 3.g3 c5 4.Bg2 Nc6 5.O-O cxd4 6.Nxd4 Bc5 7.Nb3 Be7 8.c4 b6
9.Nc3 Ba6 10.Nd4 Rc8 11.Ndb5 d5 12.Nxa7 Nxa7 13.Qa4+ Qd7 14.Qxa6 Rxc4 15.Rd1
b5 16.Be3 Nc6 17.a3 O-O 18.Qxb5 Qc7 19.Bb6 Qb7 20.e4 Na7 21.Bxa7 Qxa7 22.exd5
Rc5 23.Qd3 exd5 24.Bxd5 Rd8 25.Qf3 Qb8 26.Rd2 {#r} 1-0

[Event "Budapest Spring Open 2017"]
[Site "masterchessopen.com Budapest HUN"]
[Date "2017.03.24"]
[Round "7.7"]
[White "Kobo,Ori"]
[Black "Can,E"]
[Result "0-1"]
[WhiteElo "2501"]
[BlackElo "2561"]
[EventType "swiss"]

1.d4 Nf6 2.c4 g6 3.Nc3 Bg7 4.e4 d6 5.Nf3 O-O 6.h3 e5 7.d5 a5 8.Be3 Na6 9.g4
Nc5 10.Nd2 c6 11.Be2 Bd7 12.g5 Ne8 13.h4 cxd5 14.cxd5 a4 15.a3 f6 16.Rg1 f5
17.h5 Rf7 18.exf5 Bxf5 19.h6 Bf8 20.Bxc5 dxc5 21.Nc4 e4 22.Qd2 Nd6 23.Qe3 Qb8
24.O-O-O b5 25.Ne5 b4 26.Nc6 Qb7 27.Nb1 Nb5 28.Bg4 Re8 29.f4 Nd4 30.Bxf5 Rxf5
31.Rxd4 cxd4 32.Qxd4 Bd6 33.axb4 Bxf4+ 34.Kc2 Bxg5 35.Nc3 Bxh6 36.Qc4 Qf7
37.b5 e3 38.Re1 Rf2+ 39.Kb1 a3 40.Re2 Bg7 {#R} 0-1

[Event "Budapest Spring Open 2017"]
[Site "masterchessopen.com Budapest HUN"]
[Date "2017.03.24"]
[Round "7.11"]
[White "Annaberdiev,M"]
[Black "Popovic,Du"]
[Result "0-1"]
[WhiteElo "2445"]
[BlackElo "2515"]
[EventType "swiss"]

1.e4 c5 2.Nf3 d6 3.d4 cxd4 4.Nxd4 Nf6 5.Nc3 a6 6.Bg5 Nbd7 7.Qe2 h6 8.Bh4 g6
9.f4 e5 10.fxe5 dxe5 11.O-O-O Qc7 12.Nb3 b5 13.Qf3 Bg7 14.a3 O-O 15.Be2 Bb7
16.Rd2 Bc6 17.Rhd1 Rfc8 18.Kb1 Rab8 19.Rd6 g5 20.Bf2 a5 21.Nc5 Nxc5 22.Bxc5 b4
23.Rxf6 bxc3 24.Bd6 Qb7 25.b4 axb4 26.Bxb4 Bxe4 27.Qf2 Bxf6 28.Qxf6 Bxc2+
29.Kxc2 Qe4+ 30.Bd3 Qxg2+ 31.Kb3 Qd5+ {#R} 0-1

[Event "Budapest Spring Open 2017"]
[Site "masterchessopen.com Budapest HUN"]
[Date "2017.03.24"]
[Round "7.17"]
[White "Atabayev,Y"]
[Black "Magen,Daniel"]
[Result "1-0"]
[WhiteElo "2470"]
[BlackElo "2144"]
[EventType "swiss"]

1.e4 c5 2.Nf3 d6 3.d4 cxd4 4.Nxd4 Nf6 5.Nc3 g6 6.Be3 Bg7 7.f3 O-O 8.Qd2 Nc6
9.g4 Bd7 10.O-O-O Ne5 11.h4 Rc8 12.h5 Nc4 13.Bxc4 Rxc4 14.Nb3 Rc7 15.Bd4 Be6
16.Qh2 Bh6+ 17.Kb1 g5 18.Bxf6 exf6 19.Rxd6 Rd7 20.Rxd7 Qxd7 21.Rd1 Qc8 22.Nd5
Bxd5 23.Rxd5 Qc4 24.Qf2 Rc8 25.Rc5 Rxc5 26.Nxc5 Bf8 27.Nd3 b6 28.Qe3 h6 29.e5
Bg7 30.exf6 Bxf6 31.Qe4 Qc7 32.Nb4 Qc5 33.a3 Qd6 34.Ka2 b5 35.Qe8+ Kg7 36.Qxb5
Qe6+ 37.Qd5 Qe2 38.Qe4 Qb5 39.c3 a5 40.Qc6 Qe2 41.Na6 a4 42.Nb4 Qd1 43.Qd5 Qe2
44.Qd3 Qf2 45.Nd5 Be5 46.Qe3 Qh2 47.Nb6 Bf4 48.Qe4 {#r} 1-0

[Event "Budapest Spring Open 2017"]
[Site "masterchessopen.com Budapest HUN"]
[Date "2017.03.24"]
[Round "7.18"]
[White "Gadimbayli,Abdulla"]
[Black "Esserman,M"]
[Result "1-0"]
[WhiteElo "2315"]
[BlackElo "2467"]
[EventType "swiss"]

1.e4 c5 2.Nf3 d6 3.d4 cxd4 4.Nxd4 Nf6 5.Nc3 a6 6.Qd3 e6 7.a4 Nbd7 8.Be2 Nc5
9.Qe3 g6 10.O-O Bg7 11.Rd1 Qe7 12.b4 Ncd7 13.Ba3 O-O 14.b5 Ne8 15.bxa6 bxa6
16.Rab1 Qd8 17.e5 Nxe5 18.f4 Nd7 19.Bf3 d5 20.Nc6 Qh4 21.g3 Qh6 22.Nxd5 exd5
23.Ne7+ Kh8 24.Bxd5 Nc7 25.Bxa8 Ne5 26.Nxc8 Rxc8 27.Bb2 Qxh2+ 28.Kxh2 Ng4+
29.Kh3 Nxe3 30.Bxg7+ Kxg7 31.Bb7 Rb8 32.Re1 Nc4 33.Bc6 Rc8 34.Rb7 Na5 35.Bd7
Nxb7 36.Bxc8 Nc5 37.Re7 N5e6 38.Bxe6 Nxe6 39.a5 Kf6 40.Ra7 Nc5 41.Rc7 {#r} 1-0

[Event "Budapest Spring Open 2017"]
[Site "masterchessopen.com Budapest HUN"]
[Date "2017.03.24"]
[Round "7.19"]
[White "Kumsiashvili,N"]
[Black "Kovalenko,I"]
[Result "0-1"]
[WhiteElo "2383"]
[BlackElo "2672"]
[EventType "swiss"]

1.d4 Nf6 2.c4 e6 3.Nf3 d5 4.Nc3 c6 5.e3 Nbd7 6.Bd3 dxc4 7.Bxc4 b5 8.Bd3 a6
9.a4 b4 10.Ne4 Bb7 11.O-O c5 12.Nxc5 Bxc5 13.dxc5 Nxc5 14.Bc4 Qxd1 15.Rxd1 a5
16.Nd4 O-O 17.f3 Rfd8 18.Bd2 Bd5 19.Bxd5 Rxd5 20.Nc6 Kf8 21.e4 Rd6 22.e5 Rxc6
23.exf6 gxf6 24.Be3 Ke7 25.Bxc5+ Rxc5 26.Rd2 Rac8 27.Rad1 R8c7 28.Rd8 Rc2
29.Rh8 Rxb2 30.Rxh7 Rcc2 31.Rg7 b3 32.h4 Ra2 33.h5 b2 {#R} 0-1

[Event "Budapest Spring Open 2017"]
[Site "masterchessopen.com Budapest HUN"]
[Date "2017.03.24"]
[Round "7.20"]
[White "Belous,Mikhail"]
[Black "Mihok,O"]
[Result "0-1"]
[WhiteElo "2366"]
[BlackElo "2516"]
[EventType "swiss"]

1.d4 Nf6 2.c4 g6 3.Nc3 Bg7 4.e4 d6 5.f3 O-O 6.Be3 b6 7.Qd2 c5 8.d5 e6 9.Be2
exd5 10.cxd5 a6 11.a4 Re8 12.Bg5 Qe7 13.Bd1 Nbd7 14.Nh3 h6 15.Bf4 g5 16.Bg3
Ne5 17.Nf2 Nh5 18.Be2 f5 19.f4 Nxf4 20.Bxf4 gxf4 21.Qxf4 Rf8 22.O-O fxe4
23.Qxe4 Bf5 24.Qe3 Qh4 25.Qg3 Qb4 26.Nfd1 Bh7 27.h3 c4 28.Qe3 Rxf1+ 29.Bxf1
Re8 30.Ra3 Bg6 31.Qf2 Nd3 32.Bxd3 cxd3 33.Qg3 Kh7 34.Qg4 Qc5+ 35.Kf1 Rf8+
36.Ke1 Qg1+ 37.Kd2 h5 {#R} 0-1

[Event "Budapest Spring Open 2017"]
[Site "masterchessopen.com Budapest HUN"]
[Date "2017.03.24"]
[Round "7.22"]
[White "Reshef,O"]
[Black "Erenberg,Ariel"]
[Result "1-0"]
[WhiteElo "2466"]
[BlackElo "2366"]
[EventType "swiss"]

1.e4 c5 2.Nf3 d6 3.d4 Nf6 4.Nc3 cxd4 5.Nxd4 a6 6.h4 e5 7.Nb3 Be6 8.f4 exf4
9.Bxf4 Nc6 10.Qd2 b5 11.O-O-O Ne5 12.Nd5 Rc8 13.Qd4 Nfd7 14.Bg5 f6 15.Bf4 Nc5
16.Be2 Be7 17.Kb1 Rc6 18.h5 h6 19.Rhf1 O-O 20.Na5 Qxa5 21.Nxe7+ Kh7 22.a3 Rb6
23.Nd5 Bxd5 24.exd5 Ncd7 25.Bd2 Qa4 26.Bb4 Nc5 27.b3 Nxb3 28.Qxb6 Rc8 29.Qe3
Na5 30.Bd3+ Kg8 31.Qh3 Re8 32.Qf5 Kf7 33.Rde1 Nac4 34.Bxc4 bxc4 35.Qf2 Qd7
36.Qb6 c3 37.Qxd6 Qb5 38.Qc5 {#r} 1-0

[Event "Budapest Spring Open 2017"]
[Site "masterchessopen.com Budapest HUN"]
[Date "2017.03.24"]
[Round "7.25"]
[White "Nagy,Ga1"]
[Black "Horton,Andrew P"]
[Result "1-0"]
[WhiteElo "2448"]
[BlackElo "2295"]
[EventType "swiss"]

1.Nf3 Nf6 2.c4 e6 3.Nc3 b6 4.e4 Bb7 5.Bd3 d6 6.Bc2 c5 7.d4 cxd4 8.Nxd4 Be7
9.O-O O-O 10.b3 a6 11.Bb2 Nbd7 12.Qd2 Qc7 13.Rae1 Rfe8 14.Kh1 Bf8 15.f4 Rac8
16.a3 Red8 17.Qe2 Qb8 18.Bb1 Qa8 19.Nf3 b5 20.e5 Bxf3 21.Rxf3 Ne8 22.Ne4 bxc4
23.Ng5 g6 24.f5 Nxe5 25.fxg6 fxg6 26.Bxe5 dxe5 27.Nxe6 Bg7 28.Be4 Qa7 29.Nxd8
Rxd8 30.Bxg6 Nd6 31.Bb1 cxb3 32.Rh3 h6 33.Rxb3 Nb5 34.Qe4 {#r} 1-0

[Event "Budapest Spring Open 2017"]
[Site "masterchessopen.com Budapest HUN"]
[Date "2017.03.24"]
[Round "7.28"]
[White "Semiev,S"]
[Black "Odeev,H"]
[Result "0-1"]
[WhiteElo "2270"]
[BlackElo "2405"]
[EventType "swiss"]

1.b3 e5 2.Bb2 Nc6 3.g3 d5 4.c4 Be6 5.d3 Qd7 6.Bg2 O-O-O 7.cxd5 Bxd5 8.Nf3 h5
9.h4 Bb4+ 10.Bc3 Bc5 11.b4 Nxb4 12.Nxe5 Qe7 13.e4 Bc4 14.O-O Bxd3 15.Nxd3 Rxd3
16.Qe2 Rxg3 17.Bxb4 Rxg2+ 18.Kxg2 Bxb4 19.Rh1 Nf6 20.a3 Ba5 21.f3 Rh6 22.Kf1
Rg6 23.Ra2 Bb6 24.Rd2 Nd7 25.Nc3 c6 26.Na4 Ba5 27.Rd1 Qxa3 28.Nb2 Ne5 29.f4
Ng4 30.Nc4 Qg3 31.Rd3 Nh2+ 32.Qxh2 Qxd3+ 33.Qe2 Qb1+ 34.Kf2 Qxh1 {#R} 0-1

[Event "Budapest Spring Open 2017"]
[Site "masterchessopen.com Budapest HUN"]
[Date "2017.03.24"]
[Round "7.32"]
[White "Estrada Nieto,J"]
[Black "Kantor,G"]
[Result "0-1"]
[WhiteElo "2268"]
[BlackElo "2479"]
[EventType "swiss"]

1.e4 e5 2.Nf3 Nc6 3.Bb5 a6 4.Ba4 Nf6 5.O-O Be7 6.Re1 b5 7.Bb3 O-O 8.a4 Bb7
9.c3 d5 10.exd5 Nxd5 11.axb5 axb5 12.Rxa8 Bxa8 13.d4 exd4 14.Nxd4 Nxd4 15.cxd4
Bb4 16.Bd2 Qd6 17.Bxb4 Qxb4 18.Bxd5 Bxd5 19.Nc3 Bc4 20.Qd2 Rd8 21.h3 h6 22.Re3
c6 23.Rg3 Kh8 24.Qf4 Qxb2 25.Qe5 Rg8 26.Ne4 Qe2 27.Re3 Qf1+ 28.Kh2 Bd5 29.Rg3
b4 30.Nf6 Bxg2 {#R} 0-1

[Event "Budapest Spring Open 2017"]
[Site "masterchessopen.com Budapest HUN"]
[Date "2017.03.24"]
[Round "7.33"]
[White "Battaglini,G"]
[Black "Ilic,Zo1"]
[Result "1-0"]
[WhiteElo "2440"]
[BlackElo "2309"]
[EventType "swiss"]

1.d4 Nf6 2.c4 e6 3.Nc3 Bb4 4.g3 c5 5.Nf3 Nc6 6.Bg2 Ne4 7.Bd2 Nxd2 8.Qxd2 cxd4
9.Nxd4 O-O 10.O-O Ne5 11.b3 Qa5 12.Rac1 a6 13.Rfd1 Rb8 14.Qe3 Ba3 15.Rc2 Nc6
16.Nxc6 bxc6 17.Qd3 Be7 18.e4 e5 19.Bh3 Rd8 20.Qf3 Bc5 21.Kg2 d6 22.Bxc8 Rbxc8
23.h4 Qc7 24.h5 Qe7 25.Ne2 a5 26.Nc3 Bd4 27.Na4 Rb8 28.Rd3 d5 29.cxd5 cxd5
30.h6 dxe4 31.Qxe4 gxh6 32.Rc6 Rd6 33.Rxd6 Qxd6 34.Rf3 Qe6 35.Nc3 Rd8 36.Qh4
Rf8 37.Rf6 Qd7 38.Ne4 Kh8 39.Rxh6 f5 40.Ng5 Rf7 41.Nxf7+ {#r} 1-0

[Event "Budapest Spring Open 2017"]
[Site "masterchessopen.com Budapest HUN"]
[Date "2017.03.24"]
[Round "7.34"]
[White "Stetsko,L"]
[Black "Asadli,Vugar"]
[Result "0-1"]
[WhiteElo "2265"]
[BlackElo "2427"]
[EventType "swiss"]

1.e4 g6 2.d4 Bg7 3.Nc3 a6 4.f4 d6 5.Nf3 b5 6.Bd3 Nd7 7.a4 b4 8.Ne2 c5 9.c3 Bb7
10.O-O Ngf6 11.e5 Ne4 12.Bxe4 Bxe4 13.Ng5 Bf5 14.Ng3 h6 15.Nxf5 gxf5 16.Nf3
cxd4 17.cxd4 Nb6 18.Qb3 a5 19.Qd3 e6 20.Qb5+ Nd7 21.Be3 Rb8 22.Qe2 Nb6 23.Nd2
O-O 24.Nc4 Nxc4 25.Qxc4 b3 26.Qe2 Rb4 27.Rfc1 Qd7 28.Rc4 Rfb8 29.h3 dxe5
30.dxe5 Rxc4 31.Qxc4 Rb4 32.Qe2 Rxa4 33.Rd1 Qc6 34.Qh5 Qe4 35.Kf2 Ra2 36.Rd8+
Kh7 37.Rd2 a4 38.Qxf7 a3 39.Rd8 Rxb2+ 40.Bd2 Rxd2+ 41.Rxd2 Qxf4+ 42.Ke2 Qxe5+
{#R} 0-1

[Event "Budapest Spring Open 2017"]
[Site "masterchessopen.com Budapest HUN"]
[Date "2017.03.24"]
[Round "7.35"]
[White "Farago,I"]
[Black "Horvath,Dominik"]
[Result "1-0"]
[WhiteElo "2417"]
[BlackElo "2254"]
[EventType "swiss"]

1.d4 d5 2.c4 e6 3.Nc3 c6 4.e3 Nf6 5.Nf3 Nbd7 6.Qc2 Bd6 7.Bd3 O-O 8.O-O dxc4
9.Bxc4 b5 10.Be2 Bb7 11.Rd1 Qc7 12.Bd2 Rfe8 13.Rac1 a6 14.b4 e5 15.h3 Rad8
16.Be1 exd4 17.Rxd4 c5 18.bxc5 Bxc5 19.Rd3 Qb6 20.Rcd1 Be7 21.Rd4 Bc5 22.R4d2
Bb4 23.Rd3 Be7 24.Rd4 Bc5 25.Rh4 Nf8 26.Rxd8 Rxd8 27.Rf4 Ng6 28.Rf5 Ne7 29.Na4
bxa4 30.Rxc5 Be4 31.Qc1 Rb8 32.a3 Qd6 33.Nd2 Bd5 34.f3 Be6 35.e4 Ng6 36.Rc6
Nf4 37.Bf1 Qe5 38.Bf2 h5 39.Rc5 Qb2 40.Bg3 Qxc1 41.Rxc1 g5 42.Rc5 Rb2 43.Rxg5+
Ng6 44.Be5 Rxd2 45.Bxf6 Ra2 46.f4 {#r} 1-0

[Event "Budapest Spring Open 2017"]
[Site "masterchessopen.com Budapest HUN"]
[Date "2017.03.24"]
[Round "7.36"]
[White "Atabayew,S"]
[Black "Marosi,Le"]
[Result "1-0"]
[WhiteElo "2415"]
[BlackElo "2287"]
[EventType "swiss"]

1.d4 Nf6 2.c4 e6 3.g3 Bb4+ 4.Bd2 Be7 5.Bg2 d5 6.Nf3 O-O 7.O-O c6 8.Qc2 Nbd7
9.Rd1 b6 10.Ne5 Bb7 11.Nc3 Rc8 12.e4 dxe4 13.Nxe4 Nxe4 14.Bxe4 f5 15.Nxd7 Qxd7
16.Bg2 c5 17.d5 e5 18.Re1 Bd6 19.Re2 Rce8 20.Rae1 f4 21.Qd3 Bc8 22.gxf4 exf4
23.Bh3 Qd8 24.Bxc8 Qxc8 25.f3 Rxe2 26.Qxe2 Qf5 27.Bc3 Kf7 28.Qe4 Qxe4 29.fxe4
g5 30.e5 Bb8 31.b4 Rc8 32.a3 cxb4 33.Bxb4 Rxc4 34.e6+ Ke8 35.d6 Bxd6 36.Bxd6
Rc6 37.Rd1 a5 38.a4 g4 39.e7 Rc3 40.Rd4 Rf3 41.Rd5 g3 42.Rf5 Kd7 43.Rf8 gxh2+
44.Kxh2 Re3 45.Rd8+ {#r} 1-0

[Event "Budapest Spring Open 2017"]
[Site "masterchessopen.com Budapest HUN"]
[Date "2017.03.24"]
[Round "7.38"]
[White "Popovics,A"]
[Black "Hardicsay,P"]
[Result "1-0"]
[WhiteElo "2385"]
[BlackElo "2209"]
[EventType "swiss"]

1.Nf3 d5 2.c4 c6 3.e3 Nf6 4.b3 Bg4 5.Bb2 e6 6.h3 Bh5 7.g4 Bg6 8.Ne5 Nbd7
9.Nxg6 hxg6 10.Nc3 g5 11.Qe2 Bd6 12.Bg2 Qe7 13.a3 Ne5 14.d4 Ng6 15.b4 Nh4
16.Bf1 dxc4 17.Qxc4 O-O 18.Bd3 Kh8 19.Bc2 Nd5 20.Ne4 f5 21.Nxd6 Qxd6 22.gxf5
exf5 23.O-O-O a5 24.Qc5 Qd8 25.b5 cxb5 26.Qxb5 Rc8 27.Qd3 Rf6 28.Kd2 Rb6
29.Rb1 Qd6 30.Ba1 Rxb1 31.Rxb1 b6 32.Rb5 Nf6 33.Qe2 Qc6 34.Kc1 Qd6 35.Bb2 g6
36.Kb1 Kh7 37.e4 fxe4 38.Bxe4 Qf4 39.Bc2 Re8 40.Re5 Rd8 41.d5 Rf8 42.Re7+ Kh6
43.Bxf6 Rxf6 44.Qh5+ {#r} 1-0

[Event "Baltic Zonal Vilnius 2017"]
[Site "masterchessopen.com Vilnius LTU"]
[Date "2017.03.24"]
[Round "5.2"]
[White "Seeman,T"]
[Black "Kantans,T"]
[Result "0-1"]
[WhiteElo "2411"]
[BlackElo "2452"]

1.Nf3 Nf6 2.g3 g6 3.b3 Bg7 4.Bb2 O-O 5.Bg2 d5 6.c4 Nc6 7.O-O d4 8.d3 a5 9.Na3
e5 10.Nc2 Nd7 11.Nd2 Re8 12.Re1 Nc5 13.Ba3 Ne6 14.Ne4 f5 15.Nd2 Ra6 16.Rb1 Ng5
17.Nf3 Nf7 18.e3 dxe3 19.Nxe3 Nb4 20.Bxb4 axb4 21.Nd5 Bf8 22.Qd2 Rd6 23.Qc2
Rde6 24.Rbd1 c6 25.Ne3 Bc5 26.h4 Bd4 27.Qc1 Bc3 28.Re2 Rd6 29.Ne1 f4 30.Nf1
Bg4 31.f3 Bf5 32.gxf4 Bd4+ 33.Kh1 Qxh4+ 34.Nh2 Bf2 35.Bf1 Bg3 36.d4 Bxf4
37.Qb2 Red8 38.d5 cxd5 {#R} 0-1

[Event "Baltic Zonal Vilnius 2017"]
[Site "masterchessopen.com Vilnius LTU"]
[Date "2017.03.24"]
[Round "5.5"]
[White "Neiksans,A"]
[Black "Sirosh,Ilja"]
[Result "1-0"]
[WhiteElo "2613"]
[BlackElo "2283"]

1.c4 g6 2.g3 c5 3.Bg2 Bg7 4.Nc3 Nc6 5.a3 a5 6.Nf3 e5 7.d3 Nge7 8.Nd2 d6 9.Nf1
O-O 10.Ne3 Be6 11.Ned5 h6 12.Rb1 Rb8 13.Bd2 Kh7 14.O-O f5 15.b4 axb4 16.axb4
Nxb4 17.Nxb4 cxb4 18.Rxb4 d5 19.cxd5 Nxd5 20.Rb5 e4 21.Nxd5 Bxd5 22.dxe4 fxe4
23.Ba5 {#r} 1-0

[Event "Baltic Zonal Vilnius 2017"]
[Site "masterchessopen.com Vilnius LTU"]
[Date "2017.03.24"]
[Round "5.7"]
[White "Klabis,R"]
[Black "Shishkov,A"]
[Result "1-0"]
[WhiteElo "2252"]
[BlackElo "2385"]

1.e4 c5 2.Nc3 a6 3.Nge2 b5 4.g3 Bb7 5.Bg2 Nf6 6.d4 cxd4 7.Nxd4 e6 8.O-O b4
9.Na4 Bxe4 10.Bxe4 Nxe4 11.Re1 Nc5 12.Qf3 Ra7 13.Be3 Nxa4 14.Nxe6 fxe6 15.Bxa7
Nc6 16.Rad1 Nxa7 17.Qh5+ g6 18.Rxe6+ dxe6 19.Rxd8+ Kxd8 20.Qa5+ Kd7 21.Qe5 Rg8
22.Qd4+ Ke8 23.Qxa7 Be7 24.Qxa6 Nxb2 25.Qxe6 Kf8 26.Qb3 Bf6 27.Qxb4+ Kg7 28.a4
Rf8 29.a5 Rf7 30.a6 Nd1 31.Qb6 Nc3 32.a7 Ne2+ 33.Kf1 Bd4 34.Qxd4+ Nxd4 35.a8=Q
Nxc2 36.Qe4 Na3 37.Qa4 Rf3 38.Ke2 {#r} 1-0

[Event "Baltic Zonal Vilnius 2017"]
[Site "masterchessopen.com Vilnius LTU"]
[Date "2017.03.24"]
[Round "5.12"]
[White "Sveshnikov,V"]
[Black "Krupenski,Y"]
[Result "0-1"]
[WhiteElo "2416"]
[BlackElo "2426"]

1.e4 g6 2.d4 Bg7 3.Nc3 c6 4.f4 d5 5.e5 Nh6 6.Nf3 f6 7.Bd3 O-O 8.O-O Bg4 9.Be3
e6 10.h3 Bxf3 11.Rxf3 c5 12.Nb5 a6 13.Nd6 cxd4 14.Bxd4 Nc6 15.Bc5 fxe5 16.fxe5
Nxe5 17.Re3 Qc7 18.Ba3 Qb6 19.Qe2 Nxd3 {#R} 0-1

[Event "11th ch-SRB 2017"]
[Site "masterchessopen.com Kragujevac SRB"]
[Date "2017.03.24"]
[Round "2.1"]
[White "Antic,De"]
[Black "Radovanovic,Mihajlo"]
[Result "0-1"]
[WhiteElo "2478"]
[BlackElo "2357"]

1.d4 Nf6 2.Nf3 g6 3.c4 Bg7 4.Nc3 O-O 5.e4 d6 6.Be2 e5 7.O-O c6 8.Qc2 Qe7 9.Rd1
Bg4 10.Be3 Na6 11.d5 c5 12.Bg5 Rfc8 13.Ne1 Bd7 14.a3 Qf8 15.Nd3 Ne8 16.Rf1
Nec7 17.Qd2 Rab8 18.b3 b5 19.Ra2 f5 20.f4 bxc4 21.bxc4 h6 22.Bh4 exf4 23.Nxf4
g5 24.exf5 Qf6 25.Ne4 Qd4+ 26.Qxd4 Bxd4+ 27.Bf2 Bxf2+ 28.Rxf2 gxf4 29.Nxd6
Rb1+ 30.Bf1 Rf8 31.Rxf4 Rb6 32.Rg4+ Kh7 33.Re2 Rxd6 34.Re7+ Kh8 {#R} 0-1

[Event "11th ch-SRB 2017"]
[Site "masterchessopen.com Kragujevac SRB"]
[Date "2017.03.24"]
[Round "2.4"]
[White "Ivanisevic,I"]
[Black "Damljanovic,B"]
[Result "1-0"]
[WhiteElo "2630"]
[BlackElo "2548"]

1.d4 Nf6 2.c4 g6 3.Nc3 Bg7 4.e4 d6 5.h3 O-O 6.Be3 e5 7.d5 a5 8.g4 Na6 9.Nge2
h5 10.Ng3 h4 11.Nge2 Nh7 12.Qd2 Bf6 13.Bg2 Bd7 14.O-O Qe7 15.f4 exf4 16.Nxf4
Rae8 17.Nd3 Bg5 18.Rae1 Bxe3+ 19.Rxe3 Qg5 20.e5 dxe5 21.Ne4 Qd8 22.Ref3 f5
23.Qh6 Re7 24.Qxh4 Qe8 25.gxf5 Bxf5 26.Ndf2 Ref7 27.Ng4 Bxg4 28.hxg4 Rxf3
29.Bxf3 Rf4 30.Kg2 Rf7 31.Qh6 Qe7 32.Qxg6+ Rg7 33.Qf5 Rf7 34.Qh5 Nb4 35.Be2
Rxf1 36.Kxf1 Nc2 37.Bd3 Nd4 38.Kg2 b6 39.g5 Qg7 40.Qe8+ Qf8 41.Qxf8+ Nxf8
42.Nf6+ Kf7 43.Kg3 Ng6 44.Kg4 Nf4 45.Be4 Ke7 46.Ng8+ Kd6 47.Nh6 {#r} 1-0

[Event "11th ch-SRB 2017"]
[Site "masterchessopen.com Kragujevac SRB"]
[Date "2017.03.24"]
[Round "2.5"]
[White "Pap,M"]
[Black "Markus,Rob"]
[Result "0-1"]
[WhiteElo "2493"]
[BlackElo "2671"]

1.e4 Nf6 2.e5 Nd5 3.d4 d6 4.c4 Nb6 5.exd6 exd6 6.Nc3 Be7 7.Bd3 Nc6 8.Nge2 O-O
9.b3 a5 10.a4 Nb4 11.Bb1 d5 12.c5 Nd7 13.O-O c6 14.Na2 Na6 15.Ng3 Nf6 16.Qd3
Re8 17.Bg5 g6 18.Bc2 Nc7 19.b4 Ne6 20.Be3 b6 21.Rfd1 axb4 22.Nxb4 Bd7 23.Rab1
bxc5 24.dxc5 Ng4 25.Bd4 Bf6 26.Bxf6 Qxf6 27.Qd2 Nxc5 28.h3 Ne5 29.Qd4 Ne6
30.Qc3 Nf4 31.Qc5 h5 32.Nd3 Nexd3 33.Bxd3 h4 34.Nf1 Qg5 35.g3 Nxd3 36.Rxd3 Bf5
{#R} 0-1

[Event "90th ch-St Petersburg"]
[Site "masterchessopen.com St Petersburg RUS"]
[Date "2017.03.24"]
[Round "7.2"]
[White "Usmanov,V"]
[Black "Duzhakov,I"]
[Result "1-0"]
[WhiteElo "2443"]
[BlackElo "2424"]

1.d4 Nf6 2.c4 g6 3.d5 c6 4.Nc3 cxd5 5.cxd5 Bg7 6.e4 O-O 7.Nf3 d6 8.Be2 Bg4
9.O-O Na6 10.Be3 Nd7 11.Nd4 Bxe2 12.Qxe2 Qa5 13.a3 Rfc8 14.Rac1 Qd8 15.Ndb5
Nac5 16.b4 a6 17.bxc5 axb5 18.Nxb5 Nxc5 19.Bxc5 dxc5 20.Rc4 Ra5 21.a4 Rca8
22.Qc2 b6 23.Rd1 Qb8 24.g3 Qe5 25.Rb1 g5 26.Nc3 Qc7 27.Nd1 Qa7 28.Ne3 Rxa4
29.e5 Bxe5 30.Qf5 Bd4 31.Qxg5+ Kh8 32.Rxa4 Qxa4 33.Qxe7 Qe8 34.Qxe8+ Rxe8
35.Nc4 Re2 36.d6 Rxf2 37.Kh1 Bf6 38.d7 Rc2 39.Rxb6 Be7 40.Nd6 Rc1+ 41.Kg2 Rc2+
42.Kh3 Rd2 43.Rb8+ Kg7 44.d8=Q Bxd8 45.Rxd8 Rc2 46.Rc8 h5 47.Rc7 Kg6 48.Rxf7
Rd2 49.Rf6+ {#r} 1-0

[Event "90th ch-St Petersburg"]
[Site "masterchessopen.com St Petersburg RUS"]
[Date "2017.03.24"]
[Round "7.3"]
[White "Pershin,Denis"]
[Black "Lobanov,Sergei"]
[Result "0-1"]
[WhiteElo "2306"]
[BlackElo "2429"]

1.e4 c5 2.Nf3 d6 3.d4 cxd4 4.Nxd4 Nf6 5.Nc3 Nc6 6.Bc4 e6 7.Be3 Be7 8.Qe2 a6
9.O-O-O Qc7 10.Bb3 Na5 11.g4 b5 12.g5 Nxb3+ 13.axb3 Nd7 14.Qh5 Nc5 15.b4 Na4
16.Nxa4 bxa4 17.f4 a3 18.f5 a2 19.Kd2 Qb7 20.c3 Qxe4 21.fxe6 Bxe6 22.Nxe6 Qxe6
23.Qf3 O-O 24.Kc2 a5 25.b5 a4 26.Rd5 f6 27.g6 hxg6 28.b6 Kf7 29.Rb5 Rh8 30.h4
Rab8 31.Bf2 Rh5 32.Rxh5 gxh5 33.Qxh5+ Kg8 34.Rg1 Qb3+ 35.Kd3 a3 36.Be3 Bf8
37.bxa3 d5 38.Bd4 Rd8 39.Qd1 Qc4+ 40.Kd2 Re8 41.Re1 Re4 42.Rxe4 dxe4 43.Ke3
Qb5 44.c4 Qb1 45.Ke2 Bc5 46.Qa4 Qd3+ 47.Ke1 Qxd4 48.Qe8+ Bf8 {#R} 0-1

[Event "90th ch-St Petersburg"]
[Site "masterchessopen.com St Petersburg RUS"]
[Date "2017.03.24"]
[Round "7.5"]
[White "Levin,Ev"]
[Black "Fraiman,Dmitry"]
[Result "0-1"]
[WhiteElo "2518"]
[BlackElo "2255"]

1.d4 Nf6 2.c4 g6 3.Nc3 Bg7 4.e4 d6 5.Nf3 O-O 6.Be2 e5 7.Be3 exd4 8.Nxd4 Re8
9.f3 c6 10.Bf2 d5 11.exd5 cxd5 12.O-O dxc4 13.Ndb5 Nc6 14.Nd6 Re6 15.Nxc8 Rxc8
16.Bxc4 Rd6 17.Qa4 Ne5 18.Be2 Nd5 19.Ne4 Nf4 20.Bb5 Rd5 21.Nc3 Nxf3+ 22.gxf3
Qg5+ 23.Bg3 Bd4+ 24.Rf2 Nh3+ 25.Kg2 Rxc3 26.bxc3 Bxf2 27.Be2 Bxg3 28.hxg3 Qe3
29.Qe4 Qf2+ {#R} 0-1

[Event "90th ch-St Petersburg"]
[Site "masterchessopen.com St Petersburg RUS"]
[Date "2017.03.24"]
[Round "7.6"]
[White "Schekachikhin,Maksim"]
[Black "Dilmukhametov,Artur"]
[Result "1-0"]
[WhiteElo "2380"]
[BlackElo "2298"]

1.d4 d5 2.c4 dxc4 3.Nf3 c6 4.a4 Nf6 5.Nc3 Bf5 6.Nh4 Be6 7.e4 Na6 8.Be2 Nb4
9.O-O a5 10.Be3 g6 11.f4 Qd7 12.f5 gxf5 13.d5 O-O-O 14.Bb6 cxd5 15.exf5 Qc6
16.Bxd8 Qc5+ 17.Kh1 Bd7 18.Bxa5 Qxa5 19.b3 Bg7 20.bxc4 Ng4 21.Nxd5 Nxd5
22.cxd5 Bxa1 23.Qxa1 Rg8 24.h3 Nf6 25.Rc1+ Kd8 26.Qe5 Bc8 27.Qb8 {#r} 1-0

[Event "ch-MGL 2017"]
[Site "masterchessopen.com Dadal MGL"]
[Date "2017.03.24"]
[Round "10.2"]
[White "Munkhgal,G"]
[Black "Amgalanbaatar,R"]
[Result "1-0"]
[WhiteElo "2468"]
[BlackElo "2125"]

1.Nf3 d6 2.g3 Nf6 3.Bg2 c6 4.d4 Bf5 5.O-O h6 6.c4 Nbd7 7.Nc3 e5 8.Nh4 Bh7 9.e4
Be7 10.Nf5 O-O 11.dxe5 dxe5 12.Nxe7+ Qxe7 13.b3 Rfd8 14.Qe2 Nf8 15.Bh3 Ne6
16.Bxe6 Qxe6 17.f3 Rd7 18.Be3 b6 19.a4 a5 20.Rad1 c5 21.Rxd7 Nxd7 22.Rd1 f5
23.Nb5 Rf8 24.Rd6 Qe7 25.Qd3 Rf7 26.Qd5 fxe4 27.Re6 Qf8 28.Nd6 Nf6 29.Qxe5 Rd7
30.Rxf6 gxf6 31.Qe6+ Rf7 32.Bxh6 Qe7 33.Qc8+ Rf8 34.Bxf8 Qxf8 35.Qe6+ Kh8
36.fxe4 Bg8 37.Qh3+ Bh7 38.Qd7 {#r} 1-0

[Event "ch-MGL 2017"]
[Site "masterchessopen.com Dadal MGL"]
[Date "2017.03.24"]
[Round "10.3"]
[White "Batsuren,Dambasuren"]
[Black "Urtnasan,N"]
[Result "0-1"]
[WhiteElo "2194"]
[BlackElo "2357"]

1.d4 Nf6 2.c4 g6 3.Nc3 Bg7 4.Nf3 O-O 5.g3 d6 6.Bg2 Nc6 7.O-O Bf5 8.d5 Na5 9.b3
Ne4 10.Nxe4 Bxa1 11.Bh6 Bg7 12.Bxg7 Kxg7 13.Qd4+ Kg8 14.Neg5 f6 15.Qh4 h5
16.b4 fxg5 17.Nxg5 e5 18.bxa5 Bg4 19.f3 Bd7 20.f4 exf4 21.gxf4 Qf6 22.Bh3 Qd4+
23.Kg2 Bxh3+ 24.Qxh3 Rae8 25.Ne6 Qxc4 26.Kg1 Rf6 27.Qh4 Rf5 28.Qg3 Kh7 29.e4
Qxe4 30.Ng5+ Rxg5 31.Qxg5 Qd4+ 32.Kh1 Re2 33.a3 Qd2 34.Kg1 Qe3+ 35.Kh1 Qh3
36.Qg1 Rxh2+ {#R} 0-1